Case Of Salmonella Spp. On Pork At Market In Sangkat Steung MeanChey, Khan MeanChey, Phnom Penh.ករណី Salmonella Spp. លើសាច់ជ្រូកនៅផ្សារ ក្នុងសង្កាត់ស្ទឹងមានជ័យ ខណ្ឌមានជ័យ រាជធានីភ្នំពេញ (Record no. 25568)

000 -LEADER
fixed length control field 00636nam a22001217a 4500
040 ## - CATALOGING SOURCE
Transcribing agency RUA
082 ## - DEWEY DECIMAL CLASSIFICATION NUMBER
Classification number VEM DOU 2025 B705 Or.1
100 ## - MAIN ENTRY--AUTHOR NAME
Personal name DOUNG NHEMPHEARUN, ដួង ញែមភារុណ
245 ## - TITLE STATEMENT
Title Case Of Salmonella Spp. On Pork At Market In Sangkat Steung MeanChey, Khan MeanChey, Phnom Penh.ករណី Salmonella Spp. លើសាច់ជ្រូកនៅផ្សារ ក្នុងសង្កាត់ស្ទឹងមានជ័យ ខណ្ឌមានជ័យ រាជធានីភ្នំពេញ
260 ## - PUBLICATION, DISTRIBUTION, ETC. (IMPRINT)
Place of publication PHNOM PENH
Name of publisher RUA
Year of publication 2025
300 ## - PHYSICAL DESCRIPTION
Number of Pages x,42p.
Other physical details ill.
Dimensions 29cm.
942 ## - ADDED ENTRY ELEMENTS (KOHA)
Koha item type សារណាបទ
952 ## - LOCATION AND ITEM INFORMATION (KOHA)
Withdrawn status [LOCAL, KOHA] 0
952 ## - LOCATION AND ITEM INFORMATION (KOHA)
Withdrawn status [LOCAL, KOHA] 0
Holdings
Permanent Location Date acquired Koha item type Lost status Shelving location Barcode Current Location Full call number
Library Block B2026-03-12សារណាបទ B705C034512Library Block BVEM DOU 2025 B705 Or.1
Library Block B2026-03-12សារណាបទ B705C034522Library Block DVEM DOU 2025 B705 Or.2
មជ្ឈមណ្ឌលឯការនៃសាកលវិទ្យាល័យភូមិន្ទកសិកម្មចំការដូង

Powered by Koha